|
|
|
|
| LEADER |
00000cam a2200000 a 4500 |
| 001 |
vtls001111941 |
| 003 |
SK-MaSNL |
| 005 |
20260301233240.0 |
| 008 |
240517s1978 xo al f np 00000 slo |
| 015 |
|
|
|a SNBA1978
|
| 035 |
|
|
|a SNK000054784
|
| 040 |
|
|
|a SNK
|b slo
|c SNK
|e AACR2
|
| 041 |
0 |
|
|a slo
|
| 044 |
|
|
|a xo
|c SK
|
| 080 |
|
|
|a 37.01+371(437)(075.8)
|2 1981
|
| 080 |
|
|
|a 371(437)(075.8)
|2 1981
|
| 080 |
|
|
|a 371
|2 1981
|
| 080 |
|
|
|a 37.01(437)(075.8)
|2 1981
|
| 100 |
1 |
|
|a Cirbes, Milan,
|d 1928-2005
|4 aut
|9 245007
|
| 245 |
1 |
0 |
|a Kapitoly z teórie riadenia výchovy a vzdelávania
|c Milan Cirbes
|
| 250 |
|
|
|a 1. vydanie
|
| 260 |
|
|
|a Košice
|b Univerzita P. J. Šafárika
|c 1978
|
| 300 |
|
|
|a 276 strán
|b schémy, diagramy, tabuľky
|c 29 cm
|
| 366 |
|
|
|e 300 kusov
|
| 490 |
1 |
|
|a Vysokoškolské učebné texty
|
| 504 |
|
|
|a Obsahuje bibliografiu
|
| 650 |
0 |
7 |
|a školstvo
|2 SNKPH
|9 19712
|
| 650 |
0 |
7 |
|a školská politika
|2 SNKPH
|9 3200
|
| 650 |
0 |
7 |
|a výchova a vzdelávanie
|2 SNKPH
|9 1684
|
| 650 |
0 |
7 |
|a organizácia a riadenie
|2 SNKPH
|9 3863
|
| 655 |
|
7 |
|a učebnice vysokých škôl
|2 SNKPH
|9 70191
|
| 830 |
|
0 |
|a Vysokoškolské učebné texty
|9 276539
|
| 852 |
|
|
|a Slovenská národná knižnica
|
| 954 |
|
|
|a odborná, vedecká literatúra pôvodná (slovenská)
|2 lita
|
| 958 |
|
|
|a OND
|
| 958 |
|
|
|a NB
|
| 958 |
|
|
|a RM
|
| 958 |
|
|
|a UV
|
| 999 |
|
|
|c 965261
|d 967191
|
| 952 |
|
|
|t P60, <04>, [BOOK], {604}
|a SNK
|b SNK
|y VYP
|7 0
|p 17A0053500
|o snkSB 26535 D1
|0 0
|1 0
|4 0
|d 1997-03-07
|l 0
|r 2004-12-31 00:00:00
|w 2026-02-24
|
| 952 |
|
|
|a SNK
|b SNK
|y PREZ
|7 0
|p 17A0968495
|o snkSB 26535
|0 0
|1 0
|4 0
|d 2012-08-06
|f 1
|l 0
|r 2026-02-24 10:34:38
|w 2026-02-24
|